Transistor physics and circuits

Na minha lista:
Detalhes bibliográficos
Formato: Livro
Idioma:Undetermined
Publicado em: New York Prentice-Hall, Inc 1958
Assuntos:
Tags: Adicionar Tag
Sem tags, seja o primeiro a adicionar uma tag!
Thư viện lưu trữ: Trung tâm Học liệu Trường Đại học Cần Thơ
LEADER 00469nam a2200169Ia 4500
001 CTU_82580
008 210402s9999 xx 000 0 und d
082 |a 621.381 
082 |b T772 
245 0 |a Transistor physics and circuits 
245 0 |c Marlin P. Ristenbatt ... [ et al. ] 
260 |a New York 
260 |b Prentice-Hall, Inc 
260 |c 1958 
650 |a Transistors 
904 |i QHieu(sửa) 
980 |a Trung tâm Học liệu Trường Đại học Cần Thơ